| 000 | 00759nam a2200217 a 4500 | ||
|---|---|---|---|
| 001 | 39164 | ||
| 005 | 20180714012635.0 | ||
| 008 | 140415s2001 nq 000 0 spa d | ||
| 020 | _a9706136371 | ||
| 041 | _aspa | ||
| 082 |
_a658.4092 _bOWE |
||
| 100 | 1 | _aOWEN, HARRISON | |
| 245 | 1 | 3 |
_aEL ESPIRITU DEL LIDERAZGO : _bLIBERAR AL LIDER QUE VIVE DENTRO DE CADA UNO DE NOSOTROS |
| 250 | _a1a ed. | ||
| 260 |
_aNICARAGUA : _bOXFORD UNIVERSITY PRESS MEXICO, _c2001 |
||
| 300 |
_a146 _cx 16 x 24 |
||
| 520 | _aCONSEJOS SENCILLOS ACERTADOS PARA GERENTES, LIDERES Y LIDERES EN GESTACIÓN EN UN MUNDO CADA VEZ MÁS TURBULENTO. | ||
| 650 | 1 | 4 | _aLIDERAZGO |
| 700 | 1 |
_aGUTÉRREZ SABUTIR, NURIA YÉSSICA _etr. |
|
| 740 | _athe spirit of leadership | ||
| 999 |
_c39164 _d39164 |
||